| 000 | 00968cam a2200289 i 4500 | ||
|---|---|---|---|
| 001 | 26436 | ||
| 003 | Mx-PuUPA | ||
| 005 | 20260122114844.0 | ||
| 008 | 140415s1996 xxu gr 000 0 eng d | ||
| 020 |
_a0813208653 _qrústica |
||
| 040 |
_aMx-PuUPA _bspa _cMx-PuUPA _dMx-PuUPA _erda |
||
| 041 | 0 | _aeng | |
| 100 | 1 |
_aCrosby, John F., _d1944- _917552 _eautor |
|
| 245 | 1 | 4 |
_aThe selfhood of the human person / _cJohn F. Crosby |
| 264 | 1 |
_aWashington, D. C. ; _bThe Catholic Univesity of America Press, _c©1996 |
|
| 300 |
_a313 páginas ; _c23 cm |
||
| 336 |
_2rdacontent _atexto _btxt |
||
| 337 |
_2rdamedia _asin medio _bn |
||
| 338 |
_2rdacarrier _avolumen _bnc |
||
| 650 | 7 |
_913986 _2armarc _aYo (Filosofía) |
|
| 650 | 7 |
_2armarc _aAntropología filosófica |
|
| 942 |
_2ddc _cLI _h126 _iC37 |
||
| 999 |
_c26436 _d26436 |
||